Metamaterials : classes, properties and applications /

Bibliographic Details
Other Authors: Tremblay, Ethan J.
Format: Book
Language:English
Published: New York : Nova Science Publishers, [2010]
Series:Materials science and technologies series.
Subjects:

MARC

Tag First Indicator Second Indicator Subfields
LEADER 00000cam a2200000 a 4500
001 in00002675673
005 20151202113024.0
008 100426s2010 nyua b 001 0 eng
010 |a  2010014099 
020 |a 9781616689582 (hardcover) 
020 |a 1616689587 (hardcover) 
035 |a (OCoLC)ocn607976902 
035 |a (OCoLC)607976902 
040 |a DLC  |c DLC  |d YDX  |d BTCTA  |d YDXCP  |d UtOrBLW 
049 |a TXAM 
050 0 0 |a TK7871.15.M48  |b M486 2010 
082 0 0 |a 620.1/1  |2 22 
245 0 0 |a Metamaterials :  |b classes, properties and applications /  |c Ethan J. Tremblay, editor. 
264 1 |a New York :  |b Nova Science Publishers,  |c [2010] 
264 4 |c ©2010 
300 |a xi, 274 pages :  |b illustrations (some color) ;  |c 27 cm. 
336 |a text  |b txt  |2 rdacontent 
337 |a unmediated  |b n  |2 rdamedia 
338 |a volume  |b nc  |2 rdacarrier 
490 1 |a Materials science and technologies 
504 |a Includes bibliographical references and index. 
650 0 |a Metamaterials. 
650 0 |a Electronics  |x Materials. 
700 1 |a Tremblay, Ethan J. 
830 0 |a Materials science and technologies series. 
938 |a Baker and Taylor  |b BTCP  |n BK0008917779 
938 |a YBP Library Services  |b YANK  |n 3286922 
945 |a PromptCat  |b 155017 
946 |a stk 
947 |a A14839785430 
994 |a 92  |b TXA 
948 |a Cataloged  |b h  |c 2010/12/6  |d c  |e ibarton 
999 |a MARS 
999 f f |s 98c1a807-4d34-36c8-836c-45d11816fe0f  |i 299391cb-d1d6-36f4-a260-734b1a887c44  |t 0 
952 f f |p ric  |a Texas A&M University  |b Rellis Campus  |c Joint Library Facility  |d Remote Storage  |t 0  |e TK7871.15.M48 M486 2010  |h Library of Congress classification  |i unmediated -- volume  |m A14839785430 
998 f f |a TK7871.15.M48 M486 2010  |t 0  |l Remote Storage